| 000 | 00526nac a22001691u 4500 | ||
|---|---|---|---|
| 008 | 100719s1988 ua|||||r|||| 000 0 ara d | ||
| 020 | _a9771482165 | ||
| 082 |
_a189.962 _bم ح م |
||
| 100 |
_aمحمود ، زكي نجيب _98634 |
||
| 245 |
_aقصة عقل / _cزكي نجيب محمود |
||
| 250 | _aط2 | ||
| 260 |
_aالقاهرة : _bدار الشروق،1988 _c1988 |
||
| 300 |
_a269 ص؛ _c20 سم |
||
| 511 | _aCatalogued by: Sara | ||
| 541 |
_aالف باء؛ _cشراء؛ |
||
| 942 |
_cBB _k189.962م ح م _2ddc |
||
| 999 |
_c5572 _d5572 |
||